• 首页
  • 本馆介绍
  • 公告通知
  • 最新文献
  • 馆藏检索
  • 电子资源
  • 读者导购
  • 参考咨询
  • 我的图书馆
  • 登录
  • 详细信息显示
  • 放入我的书架
  • 预约/预借图书
  • 作者相关作品
  • 分类相关作品
  • 丛书相关作品
  • 出版社相关作品

书目信息

  • 表格格式
  • 工作单格式
  • 卡片格式
题名:
毕加索生平与作品鉴赏
    
 
作者: 紫都 , 王静 编撰 ;傅新阳 , 岳鑫 图片
分册: 上  
出版信息: 呼和浩特   远方出版社  2005
页数: 217页
开本: 20cm
丛书名: 世界绘画摄影大师画传
单 册:
中图分类: K835.515.72
科图分类:
主题词:
电子资源:
ISBN: 7-80723-012-6
000 01063nam 2200289 450
001 0123456251322
005 20070730112326.26
010    @a7-80723-012-6@dCNY25.00
100    @a20050408d2005 em y0chiy0110 ea
101 0  @achi
102    @aCN@b150000
105    @aa z 000yb
200 1  @a毕加索生平与作品鉴赏@Abi jia suo sheng ping yu zuo pin jian shang@h上@f编撰紫都, 王静@g图片傅新阳, 岳鑫
210    @a呼和浩特@c远方出版社@d2005
215    @a217页@c图@d20cm
225 2  @a世界绘画摄影大师画传@Ashi jie hui hua she ying da shi hua zhuan
330    @a本书的内容包括: 20世纪最伟大的画家——毕加索的生平与艺术 ; 毕加索版画精选 ; 毕加索年表。
410  0 @12001 @a世界绘画摄影大师画传
600  1 @a毕加索,@Abi jia suo@bP. R.,@f1881-1973@x生平事迹
600  1 @a毕加索,@Abi jia suo@bP. R.,@f1881-1973@x美术批评
690    @aK835.515.72@v4
701  0 @a紫都@Azi du@4编撰
701  0 @a王静@Awang jing@4编撰
702  0 @a傅新阳@Afu xin yang@4图片
702  0 @a岳鑫@Ayue xin@4图片
801  0 @aCN@bWHC@c20070730
905    @a10447@dK835.515.72@e609:1
    
    毕加索生平与作品鉴赏.上/编撰紫都, 王静/图片傅新阳, 岳鑫.-呼和浩特:远方出版社,2005
    217页:图;20cm.-(世界绘画摄影大师画传)
    
    
    ISBN 7-80723-012-6:CNY25.00
    本书的内容包括: 20世纪最伟大的画家——毕加索的生平与艺术 ; 毕加索版画精选 ; 毕加索年表。
●
相关链接 在E读中查询图书 在五车中查询图书 在当当中查询图书 在豆瓣中查询图书


正题名:毕加索生平与作品鉴赏     索取号:K835.515.72/609:1         预约/预借

序号 登录号 条形码 馆藏地/架位号 状态 备注
1 0789055   207890558   第二样本阅览室/ [索取号:K835.515.72/609:1] 在馆    
2 0789056   207890567   第二借阅区/ [索取号:K835.515.72/609:1] 在馆    
3 0789057   207890576   第二借阅区/ [索取号:K835.515.72/609:1] 在馆    
4 0789058   207890585   密集书库/ [索取号:K835.515.72/609:1] 在馆    
5 0789059   207890594   密集书库/ [索取号:K835.515.72/609:1] 在馆    
唐山师范学院图书馆 欢迎您!
大连网信软件有限公司© 版权所有